Liedtext - Still - Jupiter Jones - Statistiken

Allgemein
  • Dieses Quiz wurde 516 mal gespielt
  • Das Durchschnittsergebnis liegt bei 249 aus 316
Antwortstatistiken
Textquiz % Korrekt
Still
99%
still
99%
So
98%
so
98%
Das
95%
das
95%
und
94%
Und
94%
die
92%
es
92%
Ich
92%
ich
92%
ist
92%
immer
90%
uns
89%
Für
88%
für
88%
war
88%
du
87%
Du
87%
der
86%
an
85%
kann
85%
nicht
85%
von
84%
ein
83%
hier
83%
wo
83%
Gefühl
82%
zu
82%
bei
81%
bleibt
81%
hab
79%
mir
79%
nach
79%
warum
79%
Warum
79%
auch
78%
Grund
78%
jeder
78%
Wenn
78%
doch
77%
dieses
76%
Leben
76%
Nachts
76%
nachts
76%
schlafen
76%
vermiss'
76%
viel
75%
Lieder
74%
niemals
74%
verloren
74%
versteh'
74%
kam
73%
tausend
73%
schreib'
72%
schreib
72%
vom
71%
wusste
71%
Zeit
71%
zum
71%
dir
70%
laut
70%
gehört
69%
kommt
69%
Vermissen
69%
als
68%
Als
68%
noch
68%
Stille
68%
alle
67%
Heißt
67%
erliegen
66%
bist
64%
Kein
64%
beschreiben
60%
Wort
59%
fort
58%
gingst
58%
ja
58%
wohnte
58%
anstatt
56%
wir
56%
dem
55%
gerade
55%
dich
54%
gibt
54%
dein
53%
was
53%
nichts
52%
alles
51%
brachte
51%
jemals
51%
jetzt
51%
ahnte
49%
Freund
49%
geworden
49%
Uhren
48%
zeigst
48%
mit
47%
schwiegen
46%
Tag
45%
Leere
44%
hierfür
42%
jedem
42%
Stunden
38%
dachten
37%
Aufschlag
34%
verstehen
34%
galt
32%
obwohl
29%
erfassen
27%
Keine übereinstimmenden Quizze gefunden
Verteilung der Resultate
Anzahl Personen mit jedem Resultat
Perzentil nach korrekt beantworteten Fragen
Ihre Resultats-Entwicklung
Sie haben dieses Quiz noch nicht gespielt